[Event "Nationale pupillendag 2013"]
[Site "Roosendaal"]
[Date "2013.06.15"]
[Round "7.9"]
[White "Pham, Khoi"]
[Black "Van Steenoven, Luuk"]
[Result "1-0"]
[LiveChessVersion "1.4.2"]
[BlackElo "939"]
[WhiteElo "948"]

1. e4 {[%clk 0:19:59]} d5 {[%clk 0:19:59]} 2. exd5 {[%clk 0:19:57]} Nf6
{[%clk 0:19:58]} 3. d4 {[%clk 0:19:56]} Nxd5 {[%clk 0:19:56]} 4. c4
{[%clk 0:19:54]} Nf6 {[%clk 0:19:54]} 5. Nc3 {[%clk 0:19:49]} c5 {[%clk 0:19:47]}
6. Nf3 {[%clk 0:19:44]} Bg4 {[%clk 0:19:43]} 7. d5 {[%clk 0:19:33]} e6
{[%clk 0:19:29]} 8. dxe6 {[%clk 0:19:28]} Qxd1+ {[%clk 0:19:22]} 9. Nxd1
{[%clk 0:19:26]} Bxe6 {[%clk 0:19:14]} 10. Ne3 {[%clk 0:19:24]} Nc6
{[%clk 0:19:07]} 11. Bd2 {[%clk 0:19:12]} Bd6 {[%clk 0:19:00]} 12. Bd3
{[%clk 0:19:04]} O-O {[%clk 0:18:57]} 13. O-O {[%clk 0:19:01]} Rad8
{[%clk 0:18:48]} 14. Bc2 {[%clk 0:18:50]} Bf4 {[%clk 0:18:28]} 15. Rad1
{[%clk 0:18:19]} Rd7 {[%clk 0:18:16]} 16. b3 {[%clk 0:17:35]} Nd4
{[%clk 0:18:04]} 17. Nxd4 {[%clk 0:16:27]} Rxd4 {[%clk 0:17:54]} 18. Bc3
{[%clk 0:15:56]} Rxd1 {[%clk 0:17:35]} 19. Rxd1 {[%clk 0:15:33]} Bxe3
{[%clk 0:17:24]} 20. fxe3 {[%clk 0:15:31]} Ng4 {[%clk 0:17:20]} 21. e4
{[%clk 0:15:22]} f5 {[%clk 0:17:03]} 22. h3 {[%clk 0:14:42]} Ne3 {[%clk 0:16:55]}
23. Rd2 {[%clk 0:14:21]} Nxc2 {[%clk 0:16:50]} 24. Rxc2 {[%clk 0:14:19]} fxe4
{[%clk 0:16:48]} 25. Re2 {[%clk 0:14:03]} Bf5 {[%clk 0:16:34]} 26. g4
{[%clk 0:13:59]} Bg6 {[%clk 0:16:29]} 27. h4 {[%clk 0:13:49]} h6 {[%clk 0:16:24]}
28. h5 {[%clk 0:13:47]} Bh7 {[%clk 0:16:22]} 29. Rg2 {[%clk 0:12:11]} Rf3
{[%clk 0:15:55]} 30. g5 {[%clk 0:11:36]} Rxc3 {[%clk 0:15:27]} 31. g6
{[%clk 0:11:30]} Bxg6 {[%clk 0:15:06]} 32. hxg6 {[%clk 0:11:27]} Kf8
{[%clk 0:15:04]} 33. Re2 {[%clk 0:11:15]} e3 {[%clk 0:14:43]} 34. Kg2
{[%clk 0:11:02]} Ke7 {[%clk 0:14:41]} 35. Kf3 {[%clk 0:11:00]} Kf6
{[%clk 0:14:40]} 36. Kf4 {[%clk 0:10:59]} Kxg6 {[%clk 0:14:38]} 37. Rg2+
{[%clk 0:10:28]} Kf6 {[%clk 0:14:35]} 38. Re2 {[%clk 0:10:13]} g5+
{[%clk 0:14:26]} 39. Ke4 {[%clk 0:09:57]} Ke6 {[%clk 0:14:22]} 40. Rh2
{[%clk 0:09:01]} e2 {[%clk 0:13:58]} 41. Rxe2 {[%clk 0:08:45]} Rh3
{[%clk 0:13:36]} 42. Rd2 {[%clk 0:08:18]} h5 {[%clk 0:13:30]} 43. Rg2
{[%clk 0:07:41]} g4 {[%clk 0:13:28]} 44. Kf4 {[%clk 0:07:37]} Kf6
{[%clk 0:13:20]} 45. Rd2 {[%clk 0:06:59]} Rf3+ {[%clk 0:13:03]} 46. Ke4
{[%clk 0:06:54]} Ke7 {[%clk 0:12:49]} 47. Rd5 {[%clk 0:06:23]} b6
{[%clk 0:12:44]} 48. Rxh5 {[%clk 0:06:21]} Kf6 {[%clk 0:12:29]} 49. Rh8
{[%clk 0:05:58]} Rf2 {[%clk 0:12:24]} 50. Rf8+ {[%clk 0:05:56]} 1-0

[Event "Nationale pupillendag 2013"]
[Site "Roosendaal"]
[Date "2013.06.15"]
[Round "7.10"]
[White "Van Cleef, Matteo"]
[Black "Piersma, Wisse"]
[Result "1-0"]
[LiveChessVersion "1.4.2"]
[BlackElo "602"]
[WhiteElo "683"]

1. e4 {[%clk 0:19:59]} e5 {[%clk 0:19:59]} 2. d4 {[%clk 0:19:57]} exd4
{[%clk 0:19:54]} 3. c3 {[%clk 0:19:56]} Nf6 {[%clk 0:19:48]} 4. cxd4
{[%clk 0:19:49]} Nxe4 {[%clk 0:19:40]} 5. Nf3 {[%clk 0:19:41]} Bb4+
{[%clk 0:19:20]} 6. Bd2 {[%clk 0:19:24]} Qe7 {[%clk 0:18:46]} 7. a3
{[%clk 0:19:15]} Nc3+ {[%clk 0:18:42]} 8. Be2 {[%clk 0:19:03]} Nxd1
{[%clk 0:18:37]} 9. Kxd1 {[%clk 0:19:02]} Bxd2 {[%clk 0:18:34]} 10. Nbxd2
{[%clk 0:18:57]} O-O {[%clk 0:18:25]} 11. Rc1 {[%clk 0:17:46]} Nc6
{[%clk 0:18:15]} 12. d5 {[%clk 0:17:16]} Ne5 {[%clk 0:17:59]} 13. Rxc7
{[%clk 0:16:18]} Nxf3 {[%clk 0:17:48]} 14. Bxf3 {[%clk 0:16:10]} d6
{[%clk 0:17:22]} 15. Rxe7 {[%clk 0:16:07]} Bf5 {[%clk 0:17:07]} 16. Nc4
{[%clk 0:15:44]} Rac8 {[%clk 0:17:04]} 17. Nxd6 {[%clk 0:15:36]} Rcd8
{[%clk 0:16:45]} 18. Nxf5 {[%clk 0:15:34]} g6 {[%clk 0:16:37]} 19. Ng3
{[%clk 0:15:22]} Rc8 {[%clk 0:16:16]} 20. Rxb7 {[%clk 0:15:12]} Rc5
{[%clk 0:16:10]} 21. Rxa7 {[%clk 0:14:59]} Rb5 {[%clk 0:16:09]} 22. b4
{[%clk 0:14:54]} Rb6 {[%clk 0:16:00]} 23. Kc1 {[%clk 0:14:12]} Rc8+
{[%clk 0:15:56]} 24. Kb2 {[%clk 0:14:09]} Re8 {[%clk 0:15:23]} 25. Rd1
{[%clk 0:13:58]} Rd8 {[%clk 0:15:08]} 26. Ne4 {[%clk 0:13:51]} f5
{[%clk 0:14:57]} 27. Nc3 {[%clk 0:13:21]} g5 {[%clk 0:14:38]} 28. Na4
{[%clk 0:13:07]} Rbd6 {[%clk 0:14:28]} 29. g3 {[%clk 0:12:55]} g4
{[%clk 0:14:19]} 30. Bg2 {[%clk 0:12:50]} Rh6 {[%clk 0:14:14]} 31. Nc5 Rxh2
{[%clk 0:14:05]} 32. Bh1 {[%clk 0:12:29]} Rxf2+ {[%clk 0:13:57]} 33. d6
{[%clk 0:12:03]} Re2+ {[%clk 0:12:48]} 34. d7 {[%clk 0:11:48]} Re3
{[%clk 0:12:26]} 35. Rc7 {[%clk 0:10:43]} 1-0

[Event "Nationale pupillendag 2013"]
[Site "Roosendaal"]
[Date "2013.06.15"]
[Round "7.11"]
[White "Kentstra, Thomas"]
[Black "Sahin, Loran"]
[Result "1-0"]
[LiveChessVersion "1.4.2"]
[BlackElo "543"]
[WhiteElo "564"]

1. e4 {[%clk 0:19:57]} d6 {[%clk 0:19:58]} 2. d4 {[%clk 0:19:53]} e6
{[%clk 0:19:52]} 3. Nf3 {[%clk 0:19:47]} d5 {[%clk 0:19:48]} 4. exd5
{[%clk 0:19:42]} exd5 {[%clk 0:19:44]} 5. Bf4 {[%clk 0:19:35]} Nc6
{[%clk 0:19:31]} 6. Nc3 {[%clk 0:19:32]} b6 {[%clk 0:19:28]} 7. Bb5
{[%clk 0:19:27]} Bb7 {[%clk 0:19:24]} 8. Ne5 {[%clk 0:19:05]} Qf6
{[%clk 0:19:01]} 9. Nxc6 {[%clk 0:18:53]} Bxc6 {[%clk 0:18:55]} 10. Bxc6+
{[%clk 0:18:49]} Qxc6 {[%clk 0:18:52]} 11. Qe2+ {[%clk 0:18:42]} Qe6
{[%clk 0:18:45]} 12. Qxe6+ {[%clk 0:18:26]} fxe6 {[%clk 0:18:43]} 13. Bxc7
{[%clk 0:18:23]} Nf6 {[%clk 0:18:37]} 14. Be5 {[%clk 0:18:14]} Bb4
{[%clk 0:18:15]} 15. O-O Be7 {[%clk 0:18:06]} 16. Nb5 {[%clk 0:17:57]} Rc8
{[%clk 0:17:44]} 17. Nc7+ {[%clk 0:17:54]} Kd8 {[%clk 0:17:35]} 18. Nxe6+
{[%clk 0:17:48]} Kd7 {[%clk 0:17:27]} 19. Nxg7 {[%clk 0:17:40]} Rxc2
{[%clk 0:17:17]} 20. Rac1 {[%clk 0:17:13]} Rxc1 {[%clk 0:16:52]} 21. Rxc1
{[%clk 0:17:10]} Rc8 {[%clk 0:16:34]} 22. Rxc8 {[%clk 0:16:55]} Kxc8
{[%clk 0:16:32]} 23. Bxf6 {[%clk 0:16:45]} Bxf6 {[%clk 0:16:30]} 24. Ne6
{[%clk 0:16:40]} Kd7 {[%clk 0:16:25]} 25. Nf4 {[%clk 0:16:36]} Bxd4
{[%clk 0:16:18]} 26. Nxd5 {[%clk 0:16:31]} Bxb2 {[%clk 0:16:12]} 27. f4
{[%clk 0:16:16]} a5 {[%clk 0:15:59]} 28. Nxb6+ {[%clk 0:16:12]} Kc6
{[%clk 0:15:58]} 29. Nc4 {[%clk 0:16:09]} Kb5 {[%clk 0:15:43]} 30. Nxb2
{[%clk 0:16:06]} Kc6 {[%clk 0:15:39]} 31. g4 {[%clk 0:16:02]} Kd7
{[%clk 0:15:39]} 32. h4 {[%clk 0:15:59]} Ke7 {[%clk 0:15:37]} 33. f5
{[%clk 0:15:56]} Kf6 {[%clk 0:15:36]} 34. Kf2 {[%clk 0:15:52]} Ke5
{[%clk 0:15:35]} 35. Kf3 {[%clk 0:15:48]} Kf6 {[%clk 0:15:31]} 36. Kf4
{[%clk 0:15:45]} Kf7 {[%clk 0:15:26]} 37. g5 {[%clk 0:15:43]} Kg7
{[%clk 0:15:22]} 38. h5 {[%clk 0:15:41]} Kf7 {[%clk 0:15:18]} 39. g6+
{[%clk 0:15:37]} hxg6 {[%clk 0:15:16]} 40. hxg6+ {[%clk 0:15:35]} Kg7
{[%clk 0:15:14]} 41. Kg5 {[%clk 0:15:33]} Kg8 {[%clk 0:15:13]} 42. f6
{[%clk 0:15:30]} Kf8 {[%clk 0:15:07]} 43. g7+ {[%clk 0:15:25]} Kf7
{[%clk 0:15:05]} 44. Kh6 {[%clk 0:15:21]} Kxf6 {[%clk 0:15:00]} 45. g8=Q
{[%clk 0:15:17]} Ke5 {[%clk 0:14:56]} 46. Nc4+ {[%clk 0:15:13]} Kd4
{[%clk 0:14:54]} 47. Nxa5 {[%clk 0:15:10]} Ke5 {[%clk 0:14:52]} 48. Qd8
{[%clk 0:15:05]} Ke4 {[%clk 0:14:51]} 49. Qd6 {[%clk 0:15:02]} Ke3
{[%clk 0:14:49]} 50. Qd5 {[%clk 0:14:59]} Kf4 51. Qe6 {[%clk 0:14:52]} Kf3
{[%clk 0:14:45]} 52. Qe5 {[%clk 0:14:50]} Kg4 {[%clk 0:14:41]} 53. Qf6
{[%clk 0:14:46]} Kg3 {[%clk 0:14:38]} 54. Kg7 {[%clk 0:14:42]} Kg4
{[%clk 0:14:34]} 55. Kf7 {[%clk 0:14:39]} Kh5 {[%clk 0:14:28]} 56. Qg7
{[%clk 0:14:35]} Kh4 {[%clk 0:14:26]} 57. Kf6 {[%clk 0:14:32]} Kh3
{[%clk 0:14:23]} 58. Kf5 {[%clk 0:14:30]} Kh2 {[%clk 0:14:20]} 59. Kf4
{[%clk 0:14:28]} Kh1 {[%clk 0:14:18]} 60. Kf3 {[%clk 0:14:26]} Kh2
{[%clk 0:14:13]} 61. Qg2# {[%clk 0:14:24]} 1-0

[Event "Nationale pupillendag 2013"]
[Site "Roosendaal"]
[Date "2013.06.15"]
[Round "7.12"]
[White "Bleeker, Kasper"]
[Black "Kien, Clovis"]
[Result "1-0"]
[LiveChessVersion "1.4.2"]
[BlackElo "687"]
[WhiteElo "587"]

1. e4 {[%clk 0:19:56]} e5 {[%clk 0:19:57]} 2. Nf3 {[%clk 0:19:55]} Nc6
{[%clk 0:19:54]} 3. Nc3 {[%clk 0:19:50]} Nf6 {[%clk 0:19:52]} 4. Bc4
{[%clk 0:19:47]} Bc5 {[%clk 0:19:47]} 5. d3 {[%clk 0:19:47]} d6 {[%clk 0:19:42]}
6. Bg5 {[%clk 0:19:42]} Be6 {[%clk 0:19:39]} 7. Nd5 {[%clk 0:19:35]} Bxd5
{[%clk 0:19:35]} 8. Bxd5 {[%clk 0:19:30]} Qe7 {[%clk 0:19:28]} 9. Bxc6+
{[%clk 0:19:28]} bxc6 {[%clk 0:19:26]} 10. Bxf6 {[%clk 0:19:26]} Qxf6
{[%clk 0:19:19]} 11. h3 {[%clk 0:19:19]} O-O {[%clk 0:19:13]} 12. O-O
{[%clk 0:19:04]} Rab8 {[%clk 0:19:10]} 13. b3 {[%clk 0:18:55]} Rfe8
{[%clk 0:19:04]} 14. c3 {[%clk 0:18:50]} Bb6 {[%clk 0:18:57]} 15. b4
{[%clk 0:18:45]} d5 {[%clk 0:18:54]} 16. exd5 {[%clk 0:18:41]} cxd5
{[%clk 0:18:51]} 17. Qb3 {[%clk 0:18:36]} Red8 {[%clk 0:18:26]} 18. Rfe1
{[%clk 0:18:32]} Re8 {[%clk 0:18:00]} 19. Qxd5 {[%clk 0:18:23]} Rbd8
{[%clk 0:17:52]} 20. b5 {[%clk 0:18:14]} Rd7 {[%clk 0:17:14]} 21. Qe4
{[%clk 0:18:03]} Rde7 {[%clk 0:17:09]} 22. Rad1 {[%clk 0:17:47]} Ba5
{[%clk 0:16:57]} 23. Rd2 {[%clk 0:17:33]} Bb6 {[%clk 0:16:50]} 24. Rde2
{[%clk 0:17:27]} Qd6 {[%clk 0:16:24]} 25. Kh1 {[%clk 0:17:15]} f6
{[%clk 0:16:15]} 26. a4 {[%clk 0:17:12]} Kh8 {[%clk 0:15:45]} 27. c4
{[%clk 0:17:03]} Ba5 {[%clk 0:15:31]} 28. Rd1 {[%clk 0:16:45]} Qa3
{[%clk 0:15:22]} 29. g4 {[%clk 0:16:13]} Qxa4 {[%clk 0:15:19]} 30. Rg1
{[%clk 0:16:03]} Qa3 {[%clk 0:15:00]} 31. g5 {[%clk 0:15:55]} Rd8
{[%clk 0:14:49]} 32. gxf6 {[%clk 0:15:42]} gxf6 {[%clk 0:14:46]} 33. Qc6
{[%clk 0:15:09]} Qxd3 {[%clk 0:14:11]} 34. Qxf6+ {[%clk 0:15:05]} Rg7
{[%clk 0:13:54]} 35. Qxg7# {[%clk 0:15:03]} 1-0

[Event "Nationale pupillendag 2013"]
[Site "Roosendaal"]
[Date "2013.06.15"]
[Round "7.13"]
[White "Mooibroek, Willem"]
[Black "Beukema, Constantijn"]
[Result "0-1"]
[LiveChessVersion "1.4.2"]
[BlackElo "516"]
[WhiteElo "358"]

1. e4 {[%clk 0:19:58]} e5 {[%clk 0:19:58]} 2. Nf3 {[%clk 0:19:57]} Nc6
{[%clk 0:19:57]} 3. Bc4 {[%clk 0:19:54]} Nf6 {[%clk 0:19:56]} 4. Ng5
{[%clk 0:19:47]} d5 {[%clk 0:19:47]} 5. Bxd5 {[%clk 0:19:41]} Nxd5
{[%clk 0:19:44]} 6. exd5 {[%clk 0:19:39]} Qxg5 {[%clk 0:19:38]} 7. dxc6
{[%clk 0:19:36]} bxc6 {[%clk 0:19:32]} 8. d3 {[%clk 0:19:31]} Qd8
{[%clk 0:19:27]} 9. O-O {[%clk 0:19:27]} Bd6 {[%clk 0:19:26]} 10. Nc3
{[%clk 0:19:25]} Be6 {[%clk 0:19:22]} 11. b3 {[%clk 0:19:09]} O-O
{[%clk 0:19:18]} 12. Bb2 {[%clk 0:19:08]} Qg5 {[%clk 0:19:08]} 13. g3
{[%clk 0:18:58]} Bd5 {[%clk 0:18:33]} 14. Nxd5 {[%clk 0:18:47]} cxd5
{[%clk 0:18:29]} 15. Qf3 {[%clk 0:18:40]} c6 {[%clk 0:18:14]} 16. c4
{[%clk 0:18:34]} d4 {[%clk 0:18:11]} 17. Qxc6 {[%clk 0:18:31]} Rfd8
{[%clk 0:17:59]} 18. Bc1 {[%clk 0:18:03]} Qe7 {[%clk 0:17:53]} 19. Qa6
{[%clk 0:17:39]} Rdb8 {[%clk 0:17:38]} 20. f4 {[%clk 0:16:59]} Rb6
{[%clk 0:17:24]} 21. Qa5 {[%clk 0:16:38]} Bb4 {[%clk 0:17:10]} 22. Qd5
{[%clk 0:16:26]} exf4 {[%clk 0:17:02]} 23. Qxa8+ {[%clk 0:16:22]} Qf8
{[%clk 0:17:01]} 24. Qxa7 {[%clk 0:16:19]} Re6 {[%clk 0:16:58]} 25. Qxd4
{[%clk 0:16:10]} Bc5 {[%clk 0:16:54]} 26. Qxc5 {[%clk 0:15:36]} Qxc5+
{[%clk 0:16:51]} 27. Rf2 {[%clk 0:15:35]} Re2 {[%clk 0:16:33]} 28. Kg2
{[%clk 0:14:58]} Qxf2+ {[%clk 0:16:29]} 29. Kh3 {[%clk 0:14:57]} Qxh2+
{[%clk 0:16:25]} 30. Kg4 {[%clk 0:14:55]} h5+ {[%clk 0:16:20]} 31. Kxf4
{[%clk 0:14:52]} Qf2+ {[%clk 0:16:17]} 32. Kg5 {[%clk 0:14:40]} Re5+
{[%clk 0:16:14]} 33. Kh4 {[%clk 0:14:35]} Qf6+ {[%clk 0:16:09]} 34. Kh3
{[%clk 0:14:31]} Qf1+ {[%clk 0:16:02]} 35. Kh4 {[%clk 0:14:27]} Qxd3
{[%clk 0:15:59]} 36. Bb2 {[%clk 0:14:20]} Re2 {[%clk 0:15:55]} 37. Rb1
{[%clk 0:14:15]} Qxb1 {[%clk 0:15:49]} 38. Bd4 {[%clk 0:14:00]} Re4+
{[%clk 0:15:44]} 39. Kxh5 {[%clk 0:13:56]} Qh1+ {[%clk 0:15:41]} 40. Kg5
{[%clk 0:13:55]} Rxd4 {[%clk 0:15:36]} 41. Kf5 {[%clk 0:13:53]} Qe4+ 42. Kg5
{[%clk 0:13:48]} f6+ {[%clk 0:15:32]} 43. Kh5 {[%clk 0:13:42]} Qg4#
{[%clk 0:14:37]} 0-1

[Event "Nationale pupillendag 2013"]
[Site "Roosendaal"]
[Date "2013.06.15"]
[Round "7.14"]
[White "Reina, Leon"]
[Black "Roskam, Boaz"]
[Result "1-0"]
[LiveChessVersion "1.4.2"]
[BlackElo "343"]
[WhiteElo "738"]

1. e4 {[%clk 0:19:58]} e5 {[%clk 0:20:00]} 2. Nf3 {[%clk 0:19:56]} Nc6
{[%clk 0:19:58]} 3. Bc4 {[%clk 0:19:54]} Nf6 {[%clk 0:19:56]} 4. Nc3
{[%clk 0:19:47]} Bc5 {[%clk 0:19:44]} 5. d3 {[%clk 0:19:45]} O-O {[%clk 0:19:39]}
6. Bg5 {[%clk 0:19:43]} h6 {[%clk 0:19:30]} 7. Bh4 {[%clk 0:19:41]} Qe8
{[%clk 0:19:22]} 8. Nd5 {[%clk 0:19:31]} Nxd5 9. Bxd5 {[%clk 0:19:24]} Nd4
{[%clk 0:19:08]} 10. Nxd4 Bxd4 {[%clk 0:19:04]} 11. c3 {[%clk 0:19:20]} Bc5
{[%clk 0:18:59]} 12. O-O {[%clk 0:19:01]} c6 {[%clk 0:18:43]} 13. Bc4
{[%clk 0:18:57]} b5 {[%clk 0:18:38]} 14. Bb3 {[%clk 0:18:56]} a5 {[%clk 0:18:34]}
15. a3 {[%clk 0:18:53]} a4 {[%clk 0:18:34]} 16. Ba2 {[%clk 0:18:52]} d6
{[%clk 0:18:24]} 17. d4 {[%clk 0:18:49]} Be6 {[%clk 0:18:22]} 18. dxc5
{[%clk 0:18:45]} Bxa2 {[%clk 0:18:20]} 19. Rxa2 {[%clk 0:18:43]} Qe6
{[%clk 0:18:16]} 20. Ra1 {[%clk 0:18:35]} dxc5 {[%clk 0:18:14]} 21. Re1
{[%clk 0:18:16]} Rad8 {[%clk 0:18:12]} 22. Bxd8 {[%clk 0:18:13]} Rxd8
{[%clk 0:18:09]} 23. Qxd8+ {[%clk 0:18:11]} Kh7 {[%clk 0:18:05]} 24. Qh4
{[%clk 0:17:50]} g5 {[%clk 0:18:03]} 25. Qg3 f6 {[%clk 0:17:56]} 26. h4
{[%clk 0:17:44]} b4 {[%clk 0:17:40]} 27. cxb4 {[%clk 0:17:37]} cxb4
{[%clk 0:17:38]} 28. axb4 {[%clk 0:17:36]} Qc8 {[%clk 0:17:33]} 29. hxg5
{[%clk 0:17:33]} fxg5 {[%clk 0:17:31]} 30. Qxe5 {[%clk 0:17:31]} Qb7
{[%clk 0:17:29]} 31. Qf5+ {[%clk 0:17:27]} Kg7 {[%clk 0:17:26]} 32. e5
{[%clk 0:17:23]} Qxb4 {[%clk 0:17:25]} 33. Qd7+ Qe7 {[%clk 0:17:12]} 34. Qxe7+
{[%clk 0:17:19]} Kg6 {[%clk 0:17:12]} 35. Qf6+ {[%clk 0:17:16]} Kh5
{[%clk 0:17:11]} 36. g4+ {[%clk 0:17:13]} Kh4 {[%clk 0:17:10]} 37. Qxh6+
{[%clk 0:17:08]} Kxg4 {[%clk 0:17:03]} 38. f3+ {[%clk 0:17:03]} Kxf3
{[%clk 0:17:01]} 39. Qf6+ {[%clk 0:16:59]} Kg3 {[%clk 0:17:00]} 40. Re3+
{[%clk 0:16:57]} Kg4 {[%clk 0:16:58]} 41. Qf3+ {[%clk 0:16:51]} Kh4
{[%clk 0:16:52]} 42. Qh3# 1-0

[Event "Nationale pupillendag 2013"]
[Site "Roosendaal"]
[Date "2013.06.15"]
[Round "7.15"]
[White "Kutchoukov, Daniel"]
[Black "Nehizena, Rock"]
[Result "1-0"]
[LiveChessVersion "1.4.2"]
[BlackElo "302"]
[WhiteElo "563"]

1. d4 {[%clk 0:19:58]} d5 {[%clk 0:19:59]} 2. c4 {[%clk 0:19:56]} Nf6
{[%clk 0:19:57]} 3. cxd5 {[%clk 0:19:53]} Nxd5 {[%clk 0:19:55]} 4. Nc3
{[%clk 0:19:44]} Nxc3 {[%clk 0:19:52]} 5. bxc3 {[%clk 0:19:42]} Nc6
{[%clk 0:19:51]} 6. Nf3 {[%clk 0:19:37]} Bg4 {[%clk 0:19:48]} 7. h3
{[%clk 0:19:32]} Bxf3 {[%clk 0:19:47]} 8. gxf3 {[%clk 0:19:30]} Qd5
{[%clk 0:19:41]} 9. e4 {[%clk 0:19:25]} Qd7 {[%clk 0:19:35]} 10. Bb5
{[%clk 0:19:19]} Rb8 {[%clk 0:19:20]} 11. d5 {[%clk 0:19:16]} Qd6
{[%clk 0:18:53]} 12. dxc6 bxc6 {[%clk 0:18:50]} 13. Qxd6 {[%clk 0:19:04]} cxd6
{[%clk 0:18:47]} 14. Bxc6+ {[%clk 0:19:02]} Kd8 {[%clk 0:18:44]} 15. O-O
{[%clk 0:18:46]} Rb6 {[%clk 0:18:37]} 16. Bd5 {[%clk 0:18:44]} e6
{[%clk 0:18:34]} 17. Bc4 {[%clk 0:18:37]} d5 {[%clk 0:18:28]} 18. exd5
{[%clk 0:18:35]} exd5 {[%clk 0:18:26]} 19. Bxd5 {[%clk 0:18:33]} Rd6
{[%clk 0:18:06]} 20. Bxf7 {[%clk 0:18:27]} g6 {[%clk 0:17:58]} 21. Bg5+
{[%clk 0:18:23]} Kd7 {[%clk 0:17:53]} 22. Rad1 {[%clk 0:18:19]} Rxd1
{[%clk 0:17:44]} 23. Rxd1+ Kc6 {[%clk 0:17:38]} 24. Bd5+ {[%clk 0:18:15]} Kc5
{[%clk 0:17:37]} 25. Be3+ {[%clk 0:18:12]} Kd6 {[%clk 0:17:33]} 26. Bd4
{[%clk 0:17:58]} Kxd5 {[%clk 0:17:31]} 27. Bxh8+ {[%clk 0:17:56]} Kc4
{[%clk 0:17:28]} 28. Rd8 {[%clk 0:17:51]} Ba3 {[%clk 0:17:23]} 29. Rc8+
{[%clk 0:17:42]} Kd3 {[%clk 0:17:21]} 30. Rc7 {[%clk 0:17:35]} h5
{[%clk 0:17:18]} 31. Rg7 {[%clk 0:17:31]} Kxc3 {[%clk 0:17:15]} 32. Rxa7+
{[%clk 0:17:23]} Kb4 {[%clk 0:17:10]} 33. Bf6 {[%clk 0:17:15]} Bc1
{[%clk 0:16:56]} 34. Be7+ {[%clk 0:17:13]} Kc3 {[%clk 0:16:53]} 35. Rc7+
{[%clk 0:17:11]} Kb2 {[%clk 0:16:51]} 36. Rxc1 {[%clk 0:17:02]} Kxc1
{[%clk 0:16:47]} 37. a4 {[%clk 0:17:00]} Kc2 {[%clk 0:16:46]} 38. a5
{[%clk 0:16:58]} Kb3 {[%clk 0:16:44]} 39. a6 {[%clk 0:16:57]} Ka4
{[%clk 0:16:43]} 40. a7 {[%clk 0:16:53]} Kb5 {[%clk 0:16:41]} 41. a8=Q g5
{[%clk 0:16:35]} 42. Qc8 {[%clk 0:16:49]} g4 {[%clk 0:16:33]} 43. Qc5+ Ka4
{[%clk 0:16:30]} 44. Qb4# {[%clk 0:16:45]} 1-0

[Event "Nationale pupillendag 2013"]
[Site "Roosendaal"]
[Date "2013.06.15"]
[Round "7.17"]
[White "Han, Yichen"]
[Black "Adema, Wessel"]
[Result "1-0"]
[LiveChessVersion "1.4.2"]
[BlackElo "557"]
[WhiteElo "373"]

1. e4 {[%clk 0:19:59]} e5 {[%clk 0:19:59]} 2. Nf3 {[%clk 0:19:53]} Nc6
{[%clk 0:19:55]} 3. Bc4 {[%clk 0:19:50]} Nf6 {[%clk 0:19:53]} 4. Nc3
{[%clk 0:19:42]} Bc5 {[%clk 0:19:51]} 5. O-O {[%clk 0:19:40]} d6 {[%clk 0:19:45]}
6. Nd5 {[%clk 0:19:22]} Nxd5 {[%clk 0:19:34]} 7. exd5 {[%clk 0:19:14]} Nb4
{[%clk 0:19:30]} 8. a3 {[%clk 0:19:08]} Na6 {[%clk 0:19:25]} 9. b4
{[%clk 0:18:56]} Bd4 {[%clk 0:19:18]} 10. Qe2 {[%clk 0:18:38]} Bxa1
{[%clk 0:19:13]} 11. d3 {[%clk 0:18:24]} Bg4 {[%clk 0:19:06]} 12. h3
{[%clk 0:18:11]} Bxf3 {[%clk 0:19:03]} 13. Qxf3 {[%clk 0:18:08]} O-O
{[%clk 0:18:53]} 14. Qg3 {[%clk 0:17:55]} g6 {[%clk 0:18:15]} 15. Re1
{[%clk 0:17:35]} Qf6 {[%clk 0:17:56]} 16. Bg5 {[%clk 0:17:10]} Qf5
{[%clk 0:17:38]} 17. Rxa1 {[%clk 0:16:59]} c5 {[%clk 0:17:25]} 18. Be7
{[%clk 0:16:25]} Rfe8 {[%clk 0:17:14]} 19. Bxd6 {[%clk 0:16:18]} cxb4
{[%clk 0:17:10]} 20. axb4 {[%clk 0:16:10]} Red8 {[%clk 0:16:49]} 21. Bxe5
{[%clk 0:15:59]} Nxb4 {[%clk 0:16:39]} 22. Rc1 {[%clk 0:15:33]} Re8
{[%clk 0:16:35]} 23. Bd6 {[%clk 0:15:18]} Na6 {[%clk 0:15:59]} 24. Ra1
{[%clk 0:15:01]} Nb8 {[%clk 0:15:45]} 25. Bxb8 {[%clk 0:14:41]} Raxb8
{[%clk 0:15:43]} 26. Rf1 {[%clk 0:14:15]} Rbd8 {[%clk 0:15:08]} 27. Qc7
{[%clk 0:13:47]} b5 {[%clk 0:14:58]} 28. Bxb5 {[%clk 0:13:37]} Rxd5
{[%clk 0:14:51]} 29. Bxe8 {[%clk 0:13:34]} Qe6 {[%clk 0:14:23]} 30. Ba4
{[%clk 0:12:57]} Qf6 {[%clk 0:13:40]} 31. Qxa7 {[%clk 0:12:40]} Rd6
{[%clk 0:13:13]} 32. Qa8+ {[%clk 0:12:04]} Rd8 {[%clk 0:13:08]} 33. Qe4
{[%clk 0:11:56]} Rd4 {[%clk 0:12:55]} 34. Qe8+ {[%clk 0:11:32]} Kg7
{[%clk 0:12:53]} 35. Bb3 {[%clk 0:10:54]} Qd8 {[%clk 0:12:43]} 36. Qxf7+
{[%clk 0:10:44]} Kh6 {[%clk 0:12:37]} 37. Qe6 {[%clk 0:09:51]} Qd6
{[%clk 0:12:24]} 38. Qe3+ {[%clk 0:09:43]} Kg7 {[%clk 0:12:08]} 39. Re1
{[%clk 0:09:04]} Qd8 {[%clk 0:11:13]} 40. Qf3 {[%clk 0:08:52]} Qf6
{[%clk 0:10:59]} 41. Qxf6+ {[%clk 0:08:42]} Kxf6 {[%clk 0:10:57]} 42. Re6+
{[%clk 0:08:38]} Kf5 {[%clk 0:10:55]} 43. Re4 {[%clk 0:08:23]} Rd6
{[%clk 0:10:47]} 44. Re3 {[%clk 0:08:06]} Ra6 {[%clk 0:10:36]} 45. d4
{[%clk 0:07:53]} Ra1+ {[%clk 0:10:31]} 46. Kh2 {[%clk 0:07:50]} Ra8
{[%clk 0:10:26]} 47. Re5+ {[%clk 0:07:47]} Kf6 {[%clk 0:10:24]} 48. Re6+
{[%clk 0:07:41]} Kg7 {[%clk 0:10:17]} 49. d5 {[%clk 0:07:31]} Rd8
{[%clk 0:10:14]} 50. d6 {[%clk 0:07:25]} Rd7 {[%clk 0:09:58]} 51. Ba4
{[%clk 0:07:10]} Rd8 {[%clk 0:09:57]} 52. c4 {[%clk 0:07:02]} Kf7
{[%clk 0:09:54]} 53. Re2 {[%clk 0:06:52]} Rxd6 {[%clk 0:09:52]} 54. Rc2
{[%clk 0:06:51]} Rd8 {[%clk 0:09:50]} 55. c5 {[%clk 0:06:50]} Rc8
{[%clk 0:09:47]} 56. Bd7 {[%clk 0:06:46]} Rc7 {[%clk 0:09:46]} 57. Ba4
{[%clk 0:06:38]} Kf6 {[%clk 0:09:42]} 58. g4 {[%clk 0:06:34]} Ke5
{[%clk 0:09:36]} 59. Bb3 {[%clk 0:06:18]} Kd4 {[%clk 0:09:30]} 60. Rc4+
{[%clk 0:06:14]} Kd3 {[%clk 0:09:18]} 61. f4 {[%clk 0:06:10]} Rb7
{[%clk 0:08:57]} 62. Ba2 {[%clk 0:05:53]} Rc7 {[%clk 0:08:42]} 63. f5
{[%clk 0:05:48]} Ke3 {[%clk 0:08:30]} 64. fxg6 {[%clk 0:05:45]} hxg6
{[%clk 0:08:28]} 65. Kg3 {[%clk 0:05:43]} g5 {[%clk 0:08:26]} 66. h4 gxh4+
{[%clk 0:08:17]} 67. Kxh4 {[%clk 0:05:37]} Kf3 {[%clk 0:08:11]} 68. g5
{[%clk 0:05:33]} Rg7 {[%clk 0:08:08]} 69. c6 {[%clk 0:05:30]} Rc7
{[%clk 0:08:06]} 70. Kh5 {[%clk 0:05:29]} Kg3 {[%clk 0:08:02]} 71. Kh6
{[%clk 0:05:26]} Kf3 {[%clk 0:07:59]} 72. g6 {[%clk 0:05:24]} Kg3
{[%clk 0:07:56]} 73. g7 {[%clk 0:05:22]} Kf3 {[%clk 0:07:55]} 74. g8=Q
{[%clk 0:05:16]} Ke3 {[%clk 0:07:48]} 75. Qe6+ {[%clk 0:05:10]} Kd3
{[%clk 0:07:43]} 76. Qd5+ {[%clk 0:05:01]} Ke3 {[%clk 0:07:37]} 77. Re4+
{[%clk 0:04:59]} Kf3 {[%clk 0:07:35]} 78. Qf5+ {[%clk 0:04:58]} Kg3
{[%clk 0:07:28]} 79. Rg4+ {[%clk 0:04:56]} Kh3 {[%clk 0:07:25]} 80. Qh5#
{[%clk 0:04:54]} 1-0